| 000 | 00317 a2200133 4500 | ||
|---|---|---|---|
| 999 |
_c328358 _d328358 |
||
| 001 | 93285 | ||
| 003 | NUST | ||
| 005 | 20180120130126.0 | ||
| 008 | 180120b xxu||||| |||| 00| 0 eng d | ||
| 082 | _a923.156 BRI | ||
| 100 |
_aBridge Antony _99186 |
||
| 245 | _aSuleiman the Magnificent | ||
| 260 |
_aNew York _bDorset Press _c1966 |
||
| 300 | _axx, 220p. | ||
| 500 | _aGeneral Books | ||
| 942 |
_aCAE NUST _cBK _k923.156 BRI _2ddc |
||